<?xml version="1.0" encoding="UTF-8"?>
<record
    xmlns:xsi="http://www.w3.org/2001/XMLSchema-instance"
    xsi:schemaLocation="http://www.loc.gov/MARC21/slim http://www.loc.gov/standards/marcxml/schema/MARC21slim.xsd"
    xmlns="http://www.loc.gov/MARC21/slim">

  <leader>02937nam a22003257a 4500</leader>
  <controlfield tag="008">090120t        xxu||||| |||| 00| 0 eng d</controlfield>
  <datafield tag="010" ind1=" " ind2=" ">
    <subfield code="a">B-341313-323</subfield>
  </datafield>
  <datafield tag="020" ind1=" " ind2=" ">
    <subfield code="c">&#xA3;17.00 (Rs. 1346.40) </subfield>
    <subfield code="a">97819044994367</subfield>
  </datafield>
  <datafield tag="035" ind1=" " ind2=" ">
    <subfield code="a">B-341313-323</subfield>
  </datafield>
  <datafield tag="037" ind1=" " ind2=" ">
    <subfield code="b">Super Books</subfield>
  </datafield>
  <datafield tag="040" ind1=" " ind2=" ">
    <subfield code="a">dpl</subfield>
    <subfield code="b">English</subfield>
  </datafield>
  <datafield tag="082" ind1=" " ind2=" ">
    <subfield code="a">031.02 </subfield>
  </datafield>
  <datafield tag="245" ind1=" " ind2=" ">
    <subfield code="a">Guinness world records 2009 /</subfield>
    <subfield code="c">edited by Craig Glenday</subfield>
  </datafield>
  <datafield tag="260" ind1=" " ind2=" ">
    <subfield code="b">Guinness World Records</subfield>
    <subfield code="c">2009</subfield>
  </datafield>
  <datafield tag="300" ind1=" " ind2=" ">
    <subfield code="a">287p</subfield>
    <subfield code="c">29cm.(Hb)</subfield>
  </datafield>
  <datafield tag="700" ind1=" " ind2=" ">
    <subfield code="a">Glenday, Craig</subfield>
  </datafield>
  <datafield tag="942" ind1=" " ind2=" ">
    <subfield code="2">ddc</subfield>
    <subfield code="c">RF</subfield>
    <subfield code="m">GUI</subfield>
    <subfield code="h">031.02</subfield>
  </datafield>
  <datafield tag="999" ind1=" " ind2=" ">
    <subfield code="c">24435</subfield>
    <subfield code="d">24435</subfield>
  </datafield>
  <datafield tag="952" ind1=" " ind2=" ">
    <subfield code="0">0</subfield>
    <subfield code="1">0</subfield>
    <subfield code="2">ddc</subfield>
    <subfield code="4">0</subfield>
    <subfield code="7">0</subfield>
    <subfield code="8">REF</subfield>
    <subfield code="a">BL1</subfield>
    <subfield code="b">BL1</subfield>
    <subfield code="d">2009-02-26</subfield>
    <subfield code="e">Super Books/49624/12.6.09/68/5.6.09/17.6.09</subfield>
    <subfield code="g">1346.40</subfield>
    <subfield code="l">0</subfield>
    <subfield code="o">031.02 GUI</subfield>
    <subfield code="p">B-341313</subfield>
    <subfield code="r">2009-02-26 00:00:00</subfield>
    <subfield code="t">1</subfield>
    <subfield code="v">1346.40</subfield>
    <subfield code="w">2009-02-26</subfield>
    <subfield code="y">EN</subfield>
  </datafield>
  <datafield tag="952" ind1=" " ind2=" ">
    <subfield code="0">0</subfield>
    <subfield code="1">0</subfield>
    <subfield code="2">ddc</subfield>
    <subfield code="4">0</subfield>
    <subfield code="7">0</subfield>
    <subfield code="8">REF</subfield>
    <subfield code="a">PR</subfield>
    <subfield code="b">PR</subfield>
    <subfield code="d">2009-11-10</subfield>
    <subfield code="e">Super Books/49624/12.6.09/68/5.6.09/17.6.09</subfield>
    <subfield code="g">1346.40</subfield>
    <subfield code="l">0</subfield>
    <subfield code="o">031.02 GUI</subfield>
    <subfield code="p">B-341314</subfield>
    <subfield code="r">2009-11-10 00:00:00</subfield>
    <subfield code="t">1</subfield>
    <subfield code="v">1346.40</subfield>
    <subfield code="w">2009-11-10</subfield>
    <subfield code="y">RF</subfield>
  </datafield>
  <datafield tag="952" ind1=" " ind2=" ">
    <subfield code="0">0</subfield>
    <subfield code="1">0</subfield>
    <subfield code="2">ddc</subfield>
    <subfield code="4">0</subfield>
    <subfield code="7">0</subfield>
    <subfield code="8">REF</subfield>
    <subfield code="a">TN</subfield>
    <subfield code="b">TN</subfield>
    <subfield code="d">2009-11-10</subfield>
    <subfield code="e">Super Books/49624/12.6.09/68/5.6.09/17.6.09</subfield>
    <subfield code="g">1346.40</subfield>
    <subfield code="l">0</subfield>
    <subfield code="o">031.02 GUI</subfield>
    <subfield code="p">B-341315</subfield>
    <subfield code="r">2009-11-10 00:00:00</subfield>
    <subfield code="t">1</subfield>
    <subfield code="v">1346.40</subfield>
    <subfield code="w">2009-11-10</subfield>
    <subfield code="y">RF</subfield>
  </datafield>
  <datafield tag="952" ind1=" " ind2=" ">
    <subfield code="0">0</subfield>
    <subfield code="1">0</subfield>
    <subfield code="2">ddc</subfield>
    <subfield code="4">0</subfield>
    <subfield code="7">0</subfield>
    <subfield code="8">REF</subfield>
    <subfield code="a">JP</subfield>
    <subfield code="b">JP</subfield>
    <subfield code="d">2009-11-10</subfield>
    <subfield code="e">Super Books/49624/12.6.09/68/5.6.09/17.6.09</subfield>
    <subfield code="g">1346.40</subfield>
    <subfield code="l">0</subfield>
    <subfield code="o">031.02 GUI</subfield>
    <subfield code="p">B-341316</subfield>
    <subfield code="r">2009-11-10 00:00:00</subfield>
    <subfield code="t">1</subfield>
    <subfield code="v">1346.40</subfield>
    <subfield code="w">2009-11-10</subfield>
    <subfield code="y">RF</subfield>
  </datafield>
  <datafield tag="952" ind1=" " ind2=" ">
    <subfield code="0">0</subfield>
    <subfield code="1">0</subfield>
    <subfield code="2">ddc</subfield>
    <subfield code="4">0</subfield>
    <subfield code="7">0</subfield>
    <subfield code="8">REF</subfield>
    <subfield code="a">ZLS</subfield>
    <subfield code="b">ZLS</subfield>
    <subfield code="d">2009-11-10</subfield>
    <subfield code="e">Super Books/49624/12.6.09/68/5.6.09/17.6.09</subfield>
    <subfield code="g">1346.40</subfield>
    <subfield code="l">0</subfield>
    <subfield code="o">031.02 GUI</subfield>
    <subfield code="p">B-341317</subfield>
    <subfield code="r">2009-11-10 00:00:00</subfield>
    <subfield code="t">1</subfield>
    <subfield code="v">1346.40</subfield>
    <subfield code="w">2009-11-10</subfield>
    <subfield code="y">RF</subfield>
  </datafield>
  <datafield tag="952" ind1=" " ind2=" ">
    <subfield code="0">0</subfield>
    <subfield code="1">0</subfield>
    <subfield code="2">ddc</subfield>
    <subfield code="4">0</subfield>
    <subfield code="7">0</subfield>
    <subfield code="8">REF</subfield>
    <subfield code="a">VP</subfield>
    <subfield code="b">VP</subfield>
    <subfield code="d">2009-11-10</subfield>
    <subfield code="e">Super Books/49624/12.6.09/68/5.6.09/17.6.09</subfield>
    <subfield code="g">1346.40</subfield>
    <subfield code="l">0</subfield>
    <subfield code="o">031.02 GUI</subfield>
    <subfield code="p">B-341318</subfield>
    <subfield code="r">2009-11-10 00:00:00</subfield>
    <subfield code="t">1</subfield>
    <subfield code="v">1346.40</subfield>
    <subfield code="w">2009-11-10</subfield>
    <subfield code="y">RF</subfield>
  </datafield>
  <datafield tag="952" ind1=" " ind2=" ">
    <subfield code="0">0</subfield>
    <subfield code="1">0</subfield>
    <subfield code="2">ddc</subfield>
    <subfield code="4">0</subfield>
    <subfield code="7">0</subfield>
    <subfield code="8">REF</subfield>
    <subfield code="a">BL3</subfield>
    <subfield code="b">BL3</subfield>
    <subfield code="d">2009-11-10</subfield>
    <subfield code="e">Super Books/49624/12.6.09/68/5.6.09/17.6.09</subfield>
    <subfield code="g">1346.40</subfield>
    <subfield code="l">0</subfield>
    <subfield code="o">031.02 GUI</subfield>
    <subfield code="p">B-341319</subfield>
    <subfield code="r">2009-11-10 00:00:00</subfield>
    <subfield code="t">1</subfield>
    <subfield code="v">1346.40</subfield>
    <subfield code="w">2009-11-10</subfield>
    <subfield code="y">RF</subfield>
  </datafield>
  <datafield tag="952" ind1=" " ind2=" ">
    <subfield code="0">0</subfield>
    <subfield code="1">0</subfield>
    <subfield code="2">ddc</subfield>
    <subfield code="4">0</subfield>
    <subfield code="7">0</subfield>
    <subfield code="8">REF</subfield>
    <subfield code="a">NR</subfield>
    <subfield code="b">NR</subfield>
    <subfield code="d">2009-11-10</subfield>
    <subfield code="e">Super Books/49624/12.6.09/68/5.6.09/17.6.09</subfield>
    <subfield code="g">1346.40</subfield>
    <subfield code="l">0</subfield>
    <subfield code="o">031.02 GUI</subfield>
    <subfield code="p">B-341320</subfield>
    <subfield code="r">2009-11-10 00:00:00</subfield>
    <subfield code="t">1</subfield>
    <subfield code="v">1346.40</subfield>
    <subfield code="w">2009-11-10</subfield>
    <subfield code="y">RF</subfield>
  </datafield>
  <datafield tag="952" ind1=" " ind2=" ">
    <subfield code="0">0</subfield>
    <subfield code="1">0</subfield>
    <subfield code="2">ddc</subfield>
    <subfield code="4">0</subfield>
    <subfield code="7">0</subfield>
    <subfield code="8">REF</subfield>
    <subfield code="a">BN</subfield>
    <subfield code="b">BN</subfield>
    <subfield code="d">2009-11-10</subfield>
    <subfield code="e">Super Books/49624/12.6.09/68/5.6.09/17.6.09</subfield>
    <subfield code="g">1346.40</subfield>
    <subfield code="l">0</subfield>
    <subfield code="o">031.02 GUI</subfield>
    <subfield code="p">B-341321</subfield>
    <subfield code="r">2009-11-10 00:00:00</subfield>
    <subfield code="t">1</subfield>
    <subfield code="v">1346.40</subfield>
    <subfield code="w">2009-11-10</subfield>
    <subfield code="y">RF</subfield>
  </datafield>
  <datafield tag="952" ind1=" " ind2=" ">
    <subfield code="0">0</subfield>
    <subfield code="1">0</subfield>
    <subfield code="2">ddc</subfield>
    <subfield code="4">0</subfield>
    <subfield code="7">0</subfield>
    <subfield code="8">REF</subfield>
    <subfield code="a">BL4</subfield>
    <subfield code="b">BL4</subfield>
    <subfield code="d">2009-11-10</subfield>
    <subfield code="e">Super Books/49624/12.6.09/68/5.6.09/17.6.09</subfield>
    <subfield code="g">1346.40</subfield>
    <subfield code="l">0</subfield>
    <subfield code="o">031.02 GUI</subfield>
    <subfield code="p">B-341322</subfield>
    <subfield code="r">2009-11-10 00:00:00</subfield>
    <subfield code="t">1</subfield>
    <subfield code="v">1346.40</subfield>
    <subfield code="w">2009-11-10</subfield>
    <subfield code="y">RF</subfield>
  </datafield>
  <datafield tag="952" ind1=" " ind2=" ">
    <subfield code="0">0</subfield>
    <subfield code="1">0</subfield>
    <subfield code="2">ddc</subfield>
    <subfield code="4">0</subfield>
    <subfield code="7">0</subfield>
    <subfield code="8">REF</subfield>
    <subfield code="a">YV</subfield>
    <subfield code="b">YV</subfield>
    <subfield code="d">2009-11-10</subfield>
    <subfield code="e">Super Books/49624/12.6.09/68/5.6.09/17.6.09</subfield>
    <subfield code="g">1346.40</subfield>
    <subfield code="l">0</subfield>
    <subfield code="o">031.02 GUI</subfield>
    <subfield code="p">B-341323</subfield>
    <subfield code="r">2009-11-10 00:00:00</subfield>
    <subfield code="t">1</subfield>
    <subfield code="v">1346.40</subfield>
    <subfield code="w">2009-11-10</subfield>
    <subfield code="y">RF</subfield>
  </datafield>
</record>
